| 000 | 00826nam a2200157 a 4500 | ||
|---|---|---|---|
| 008 | 100202s1999 ||||||||||||||||| || u | ||
| 050 | _aUN-ECA(02) | ||
| 110 | _aUnited Nations Economic Commission For Africa(UNECA) | ||
| 245 | 1 | 0 | _aIntegrated water resources management : issues and options in selected African countries |
| 260 |
_aAddis Ababa _bUNITED NATIONS _c1999 |
||
| 300 | _a76 pages : illustrations | ||
| 350 | _a0.00 | ||
| 650 | _aWATER RESOURCES DEVELOPMENT POLICY--ZAMBIA | ||
| 995 |
_aSPECIAL COLLECTIONS _D0.00 _e03006311 _FCBU-MAIN LIBRARY (Kitwe) _H1 _I0.00 _jUN-ECA(02)1999/ 2A _M1 _UAVAILABLE _WMay 10, 2010 _y03006311 _ZInternational Publications |
||
| 995 |
_aSPECIAL COLLECTIONS _D0.00 _e03007511 _FCBU-MAIN LIBRARY (Kitwe) _H1 _I0.00 _jUN-ECA(02)1999/ 2B _M2 _UAVAILABLE _WJan 26, 2011 _y03007511 _ZInternational Publications |
||
| 999 |
_c77465 _d77465 |
||